000 00982nam a2200253Ia 4500
003 OSt
005 20221005105502.0
006 a|||||r|||| 00| 0
007 ta
008 221004b |||||||| |||| 00| 0 hin d
024 _a32668
037 _cTextual
040 _aCRL
_cCRL
_bhin
041 _2hin
_ahin
082 _aO15:gxH35,1, 152P4
100 _aविश्वनाथ
245 0 _aसाहित्यदर्पणः दशमः परिच्छेद संपादक देवदत्त कौशिक
246 _aSāhityadarpaṇah dashamah parichchhed sanpādak devadatta kaushika
260 _aनई दिल्ली
_bमेहरचन्द लछमनदास पब्लिकेशन्स भारत
_c2004
300 _a208पृ.
_ccm.
650 _aसंस्कृत साहित्य
942 _hO15:gxH35,1, 152P4
_cTEXL
_2cc
999 _c1015983
_d1015983